MARC details
| 000 -CABECERA |
| campo de control de longitud fija |
01098nam a2200277 i 4500 |
| 001 - NÚMERO DE CONTROL |
| campo de control |
000046285 |
| 003 - IDENTIFICADOR DEL NÚMERO DE CONTROL |
| campo de control |
DO-SdBNP |
| 005 - FECHA Y HORA DE LA ÚLTIMA TRANSACCIÓN |
| campo de control |
20240305103548.0 |
| 007 - CAMPO FIJO DE DESCRIPCIÓN FÍSICA--INFORMACIÓN GENERAL |
| campo de control de longitud fija |
ta |
| 008 - DATOS DE LONGITUD FIJA--INFORMACIÓN GENERAL |
| campo de control de longitud fija |
110303s1998 dr 000 0 spa d |
| 040 ## - FUENTE DE LA CATALOGACIÓN |
| Centro catalogador/agencia de origen |
DO-SdBNP |
| Lengua de catalogación |
spa |
| Centro/agencia transcriptor |
BNPHU |
| Normas de descripción |
rda |
| 082 ## - NÚMERO DE LA CLASIFICACIÓN DECIMAL DEWEY |
| Número de clasificación |
RD861.44 |
| Número de documento/Ítem |
H557g3 |
| Número de edición |
22 |
| 100 1# - ENTRADA PRINCIPAL--NOMBRE DE PERSONA |
| Nombre de persona |
Hernández Rueda, Lupo, |
| Fechas asociadas al nombre |
1930 -2017 |
| 9 (RLIN) |
25215 |
| 245 10 - MENCIÓN DE TÍTULO |
| Título |
La generación del 48 / |
| Mención de responsabilidad, etc. |
Lupo Hernández Rueda |
| 264 ## - PRODUCCIÓN, PUBLICACIÓN, DISTRIBUCIÓN, FABRICACIÓN Y COPYRIGHT |
| Producción, publicación, distribución, fabricación y copyright |
Santo Domingo : |
| Nombre del de productor, editor, distribuidor, fabricante |
Comisión Permanente Feria Nacional del Libro, |
| Fecha de producción, publicación, distribución, fabricación o copyright |
1998 |
| 300 ## - DESCRIPCIÓN FÍSICA |
| Extensión |
40 paginas. : |
| Otras características físicas |
ilustrados ; |
| Dimensiones |
22 cm. |
| 336 ## - TIPO DE CONTENIDO |
| Fuente |
rdacontent |
| Término de tipo de contenido |
texto |
| Código de tipo de contenido |
txt |
| 337 ## - TIPO DE MEDIO |
| Fuente |
rdamedia |
| Nombre/término del tipo de medio |
sin mediación |
| Código del tipo de medio |
n |
| 338 ## - TIPO DE SOPORTE |
| Fuente |
rdacarrier |
| Nombre/término del tipo de soporte |
volumen |
| Código del tipo de soporte |
nc |
| 490 ## - MENCIÓN DE SERIE |
| Mención de serie |
Cuadernos Caribe;os |
| Designación de volumen o secuencia |
2 |
| 505 ## - NOTA DE CONTENIDO CON FORMATO |
| Nota de contenido con formato |
Presentación 15 -- Prólogo 19 -- Introducción 25 -- Método 31 -- Antecedentes del presente estudio 37 -- Marco conceptual 45 -- Resultados 65 -- Conclusiones 123 -- Logros 126 -- Recomendaciones 129 -- Referencias bibliográficas 133 |
| 590 ## - NOTA LOCAL (RLIN) |
| Nota local |
inventariado, 2023 / DG |
| 650 #4 - PUNTO DE ACCESO ADICIONAL DE MATERIA--TÉRMINO DE MATERIA |
| Término de materia o nombre geográfico como elemento de entrada |
Poesía dominicana |
| 9 (RLIN) |
61716 |
| Subdivisión general |
Historia y crítica |
| 910 ## - DATOS DE OPCIÓN DEL USUARIO (OCLC) |
| Datos de opción del usuario |
DG |
| 942 ## - ELEMENTOS DE PUNTO DE ACCESO ADICIONAL (KOHA) |
| Fuente del sistema de clasificación o colocación |
Dewey Decimal Classification |
| Tipo de ítem Koha |
Folleto |